[Event "25th Bunratty Masters"]
[Site "Bunratty IRL"]
[Date "2018.02.24"]
[Round "4.17"]
[White "Nettleton, Charlie B"]
[Black "Wallace, Paul"]
[Result "0-1"]
[WhiteElo "2011"]
[BlackElo "2203"]
[WhiteFideId "419710"]
[BlackFideId "2500892"]
[EventDate "2018.02.23"]

1. d4 Nf6 2. Bg5 Ne4 3. Bf4 c5 4. d5 d6 5. Nd2 Nxd2 6. Qxd2 Nd7 7. e4 h6 8.
O-O-O g5 9. Be3 Bg7 10. h4 g4 11. Ne2 Ne5 12. Ng3 h5 13. f4 gxf3 14. gxf3 Nxf3
15. Qg2 Qb6 16. c3 Bg4 17. Nxh5 Bxh5 18. Qxg7 O-O-O 19. Qg2 Rdg8 20. Qf2 Qa5 21.
Be2 Ne5 22. Qf5+ Kb8 23. Bxh5 Nc4 24. Bf4 Rg2 25. Rd2 Rxd2 26. Bxd2 Qxa2 27. Kc2
Qxb2+ 28. Kd3 Nxd2 29. Qxf7 c4+ 0-1

[Event "25th Bunratty Masters"]
[Site "Bunratty IRL"]
[Date "2018.02.24"]
[Round "4.18"]
[White "Manojlovic, Mihailo"]
[Black "Steil-Antoni, Fiona"]
[Result "1/2-1/2"]
[BlackTitle "WIM"]
[WhiteElo "2055"]
[BlackElo "2184"]
[WhiteFideId "2507633"]
[BlackFideId "4001249"]
[EventDate "2018.02.23"]

1. e4 e5 2. Nf3 Nc6 3. Nc3 Nf6 4. d4 exd4 5. Nxd4 Bb4 6. Nxc6 bxc6 7. Bd3 d5 8.
exd5 cxd5 9. O-O O-O 10. Bg5 c6 11. Qf3 h6 12. Bxf6 Qxf6 13. Qxf6 gxf6 14. Ne2
Bc5 15. c3 Rb8 1/2-1/2

[Event "25th Bunratty Masters"]
[Site "Bunratty IRL"]
[Date "2018.02.24"]
[Round "4.19"]
[White "Mirza, Diana"]
[Black "Li, Henry"]
[Result "0-1"]
[WhiteTitle "WFM"]
[WhiteElo "1844"]
[BlackElo "2191"]
[WhiteFideId "2503999"]
[BlackFideId "2508524"]
[EventDate "2018.02.23"]

1. d4 Nf6 2. Nf3 g6 3. Nbd2 Bg7 4. e4 O-O 5. Bd3 d6 6. O-O Nc6 7. c3 e5 8. Nb3
a5 9. a4 exd4 10. Nbxd4 Re8 11. Qc2 h6 12. Nxc6 bxc6 13. Rb1 Bg4 14. Nd2 d5 15.
b4 dxe4 16. Nxe4 Nxe4 17. Bxe4 Rxe4 18. f3 Bxf3 19. Rxf3 Re1+ 20. Kf2 Qh4+ 21.
Rg3 Rae8 22. bxa5 Qxh2 23. Rf3 Qh4+ 0-1

[Event "25th Bunratty Masters"]
[Site "Bunratty IRL"]
[Date "2018.02.24"]
[Round "4.20"]
[White "Rawlinson, Aidan M"]
[Black "Vogel, Constantin"]
[Result "0-1"]
[WhiteElo "2168"]
[BlackElo "2026"]
[WhiteFideId "413496"]
[BlackFideId "12960071"]
[EventDate "2018.02.23"]

1. d4 Nf6 2. c4 e6 3. g3 c5 4. d5 exd5 5. cxd5 d6 6. Nc3 g6 7. Bg2 Bg7 8. Nf3
O-O 9. O-O Na6 10. Bf4 Nc7 11. a4 Re8 12. Nd2 Nh5 13. Be3 Rb8 14. Nc4 f5 15. Qd2
a6 16. Bg5 Nf6 17. Nb6 Nb5 18. a5 Nd4 19. Ra3 Bd7 20. Re1 Qc7 21. Nc4 Bb5 22.
Nxd6 Qxd6 23. Bf4 Qd7 24. Bxb8 Rxb8 25. e3 Nc6 26. Nxb5 axb5 27. Qc2 Ne5 28.
Qxc5 Ne4 29. Bxe4 fxe4 30. Kg2 Rc8 31. Qb6 Qxd5 32. a6 bxa6 33. Rxa6 Nd3 34.
Rea1 Rf8 35. Ra7 Qf5 36. Qb7 Qxf2+ 37. Kh3 Qf5+ 38. Kg2 Qf3+ 39. Kg1 Qxe3+ 40.
Kh1 Nf2+ 0-1

[Event "25th Bunratty Masters"]
[Site "Bunratty IRL"]
[Date "2018.02.24"]
[Round "4.21"]
[White "Hayes, Peter J."]
[Black "Murray, David"]
[Result "0-1"]
[WhiteElo "2079"]
[BlackElo "2150"]
[WhiteFideId "2502569"]
[BlackFideId "2501511"]
[EventDate "2018.02.23"]

1. d4 Nf6 2. c4 g6 3. Nc3 d5 4. cxd5 Nxd5 5. e4 Nxc3 6. bxc3 Bg7 7. Be3 c5 8.
Qd2 Qa5 9. Rb1 a6 10. Nf3 Nc6 11. Rc1 Bg4 12. d5 Bxf3 13. gxf3 Ne5 14. Be2 h5
15. h3 Rd8 16. f4 Nd7 17. h4 Nf6 18. f3 Qc7 19. c4 O-O 20. e5 Ne8 21. Rg1 Kh7
22. Bd3 Bh6 23. e6 f5 24. Qg2 Rg8 25. Bxf5 Bxf4 26. Bxg6+ Kh6 27. Qd2 Qe5 28.
Be4 Rxg1+ 29. Kf2 Rg4 30. fxg4 Bxe3+ 31. Qxe3+ Kg7 32. Rg1 Qf6+ 33. Kg3 Nd6 34.
Kh3 Kh8 35. Bd3 hxg4+ 36. Rxg4 Rg8 37. Qg3 Rxg4 38. Qxg4 b5 0-1

[Event "25th Bunratty Masters"]
[Site "Bunratty IRL"]
[Date "2018.02.24"]
[Round "4.22"]
[White "Davey, Mark"]
[Black "Daly, Colm"]
[Result "1/2-1/2"]
[BlackTitle "FM"]
[WhiteElo "1990"]
[BlackElo "2319"]
[WhiteFideId "404730"]
[BlackFideId "2500434"]
[EventDate "2018.02.23"]

1. d4 Nf6 2. c4 g6 3. Nc3 d6 4. e4 Bg7 5. Bg5 h6 6. Bf4 e5 7. dxe5 Nh5 8. Be3
dxe5 9. Qxd8+ Kxd8 10. O-O-O+ Bd7 11. Be2 Nf4 12. Bf3 Kc8 13. Nge2 Nxe2+ 14.
Bxe2 Nc6 15. Rd2 Re8 16. Rxd7 Kxd7 17. Bg4+ Kd8 18. Rd1+ Nd4 19. f4 c5 20. fxe5
Bxe5 21. Rf1 h5 22. Bh3 Ke7 23. Bh6 Rad8 24. Nd5+ Rxd5 25. exd5 f5 26. g3 Kf6
27. Bd2 b5 28. cxb5 Nxb5 29. Bg2 Nd6 30. b3 c4 31. Kc2 Rc8 32. bxc4 Nxc4 33. Kd3
Nb2+ 34. Ke2 Re8 35. Kf3 g5 36. Rb1 Nc4 37. Bc1 g4+ 38. Kf2 Bd4+ 39. Kf1 Bc3 40.
Kf2 Ne5 41. Bf1 Rd8 42. Bg2 Re8 43. Bf1 Nf3 44. Bb2 Bxb2 45. Rxb2 Rd8 46. Bg2
Ne5 47. Rb7 Rd7 48. Rb8 Ng6 49. Rb4 Kg5 50. Ra4 h4 51. Ra6 f4 52. Be4 Ne5 53.
Re6 fxg3+ 54. hxg3 Rf7+ 55. Ke3 Nf3 56. gxh4+ Kxh4 57. Rh6+ Kg3 58. d6 Ne5 59.
Re6 Nc4+ 60. Kd4 Nb6 61. Re7 Rf1 62. d7 Rd1+ 63. Bd3 Nxd7 64. Rxd7 Kf2 65. Rxa7
g3 66. Rf7+ Kg2 67. Ke3 Re1+ 68. Be2 Kg1 69. a4 g2 70. a5 Kh2 71. Rh7+ Kg3 72.
Rg7+ Kh2 73. Kf3 Rf1+ 74. Ke3 g1=Q+ 75. Rxg1 Rxg1 1/2-1/2

[Event "25th Bunratty Masters"]
[Site "Bunratty IRL"]
[Date "2018.02.24"]
[Round "4.23"]
[White "Kennedy, John"]
[Black "Short, Philip M"]
[Result "0-1"]
[BlackTitle "FM"]
[WhiteElo "2102"]
[BlackElo "2333"]
[WhiteFideId "2501120"]
[BlackFideId "2500086"]
[EventDate "2018.02.23"]

1. Nf3 g6 2. g3 Bg7 3. d4 f5 4. Bg2 Nf6 5. O-O O-O 6. c4 d6 7. Nc3 Qe8 8. Bg5
Qf7 9. Bxf6 Bxf6 10. Nd5 Na6 11. Nxf6+ Qxf6 12. Qd2 c6 13. Rae1 Nc7 14. e4 f4
15. e5 Qf7 16. Qc3 d5 17. Ng5 Qg7 18. cxd5 Nxd5 19. Qb3 e6 20. Ne4 b6 21. Rc1
Bd7 22. Nd6 g5 23. Rfe1 Qe7 24. Qd1 Kh8 25. a3 Rg8 26. Qg4 Raf8 27. Nc4 Be8 28.
Bxd5 cxd5 29. Nd6 Bg6 30. Qd1 h5 31. Rc3 g4 32. Qc1 Qg5 33. Rc8 h4 34. Rc3 Qh6
35. Kf1 hxg3 36. Rxg3 Qxh2 37. Rg2 Bd3+ 38. Re2 Bxe2+ 0-1

[Event "25th Bunratty Masters"]
[Site "Bunratty IRL"]
[Date "2018.02.24"]
[Round "4.24"]
[White "Mulligan, Scott"]
[Black "Pein, Jonathan"]
[Result "1/2-1/2"]
[WhiteElo "1984"]
[BlackElo "2177"]
[WhiteFideId "2507498"]
[BlackFideId "417092"]
[EventDate "2018.02.23"]

1. e4 d5 2. exd5 Qxd5 3. Nf3 Bg4 4. Be2 Nc6 5. d4 O-O-O 6. c4 Qf5 7. Be3 Bxf3 8.
Bxf3 Nxd4 9. Bxd4 Qe6+ 10. Be2 Qe4 11. Nc3 Qxd4 12. Qxd4 Rxd4 13. Nb5 Rd8 14.
Nxa7+ Kb8 15. Nb5 e6 16. O-O Nf6 17. Rfd1 Bc5 18. Bf3 Kc8 19. Kf1 Nd7 20. b4 Be7
21. c5 c6 1/2-1/2

[Event "25th Bunratty Masters"]
[Site "Bunratty IRL"]
[Date "2018.02.24"]
[Round "4.25"]
[White "Scallan, Fiachra"]
[Black "Moran, Stephen"]
[Result "1/2-1/2"]
[WhiteElo "1927"]
[BlackElo "2127"]
[WhiteFideId "2507528"]
[BlackFideId "2501872"]
[EventDate "2018.02.23"]

1. e4 e6 2. d4 d5 3. Nd2 Nc6 4. Ngf3 Nf6 5. e5 Nd7 6. Bd3 Nb4 7. Be2 c5 8. c3
Nc6 9. O-O Be7 10. Nb3 a5 11. a4 cxd4 12. cxd4 O-O 13. Be3 b6 14. Rc1 Nb4 15.
Bb5 Ba6 16. Qe2 Bxb5 17. Qxb5 Rc8 18. Rxc8 Qxc8 19. Rc1 Qd8 20. Na1 Nb8 21. Nc2
Na2 22. Ra1 Qc7 23. Rxa2 Qxc2 24. Ra1 Qc7 25. Rc1 Qd7 26. Qxb6 Qxa4 27. Qb7 1/2-1/2

[Event "25th Bunratty Masters"]
[Site "Bunratty IRL"]
[Date "2018.02.24"]
[Round "4.26"]
[White "Keogh, Eamon"]
[Black "Wolferink, Frans"]
[Result "1-0"]
[WhiteElo "1978"]
[BlackElo "2086"]
[WhiteFideId "2500264"]
[BlackFideId "1003917"]
[EventDate "2018.02.23"]

1. d3 d5 2. f4 g6 3. Nf3 Bg7 4. e3 c5 5. Be2 Nc6 6. c3 Nf6 7. O-O O-O 8. Qe1 b5
9. Nbd2 c4 10. Ne5 Nxe5 11. fxe5 Ng4 12. Bxg4 Bxg4 13. d4 f6 14. exf6 Rxf6 15.
Rxf6 exf6 16. e4 Qd7 17. exd5 Re8 18. Qg3 Bf8 19. Nf1 Be2 20. Ne3 Bd6 21. Qf2
Bd3 22. Qxf6 Qc7 23. Bd2 Bxh2+ 24. Kh1 Bf4 25. d6 Qxd6 26. Ng4 Qxf6 27. Nxf6+
Kf8 28. Bxf4 Re2 29. Nxh7+ Kg7 30. Ng5 Rxb2 31. d5 Bf5 32. d6 Kf8 33. Re1 Rxa2
34. Ne6+ Ke8 35. Nd4+ Kd8 36. Nxf5 gxf5 37. Re5 b4 38. cxb4 c3 39. Rc5 Rf2 40.
Rxf5 Ke8 41. g3 1-0

[Event "25th Bunratty Masters"]
[Site "Bunratty IRL"]
[Date "2018.02.25"]
[Round "5.1"]
[White "Williams, Simon K"]
[Black "Jones, Gawain C B"]
[Result "0-1"]
[WhiteTitle "GM"]
[BlackTitle "GM"]
[WhiteElo "2453"]
[BlackElo "2646"]
[WhiteFideId "404454"]
[BlackFideId "409561"]
[EventDate "2018.02.23"]

1. d4 Nf6 2. c4 g6 3. Nc3 Bg7 4. e4 d6 5. f4 c5 6. d5 O-O 7. Nf3 e6 8. e5 dxe5
9. fxe5 Ng4 10. Bg5 Qa5 11. Be2 exd5 12. cxd5 Nxe5 13. O-O Qb4 14. Qc1 Nxf3+ 15.
Rxf3 Re8 16. Bb5 Bd7 17. a3 Qd4+ 18. Kh1 a6 19. Rf4 axb5 20. Rxd4 cxd4 21. Na2
Na6 22. Qf4 Bf5 23. Rf1 Re4 24. Qf3 Rae8 25. d6 Nc5 26. Nb4 h6 27. Be7 d3 28.
Nd5 d2 29. Ne3 Re5 30. b4 Nd7 31. Qf2 h5 32. Qxd2 Bh6 33. Re1 Rc8 34. h3 Rc2 35.
Qd4 Rc4 36. Qa7 Rce4 37. Qa8+ Kh7 38. Qxb7 Rxe3 39. Rxe3 Rxe3 40. Qd5 Re1+ 41.
Kh2 Bf4+ 42. g3 Re2+ 43. Kg1 Be6 44. Qxb5 0-1

[Event "25th Bunratty Masters"]
[Site "Bunratty IRL"]
[Date "2018.02.25"]
[Round "5.2"]
[White "Tiviakov, Sergei"]
[Black "Bates, Richard A"]
[Result "1-0"]
[WhiteTitle "GM"]
[BlackTitle "IM"]
[WhiteElo "2569"]
[BlackElo "2364"]
[WhiteFideId "1008013"]
[BlackFideId "403555"]
[EventDate "2018.02.23"]

1. e4 c5 2. Nc3 Nc6 3. Nge2 e5 4. Ng3 d6 5. Bc4 Nf6 6. d3 Be7 7. O-O O-O 8. h3
Nd7 9. Nd5 Nb6 10. f4 exf4 11. Bxf4 Bg5 12. Qh5 Bxf4 13. Rxf4 Nxd5 14. Bxd5 Be6
15. Raf1 Qe7 16. Bxc6 bxc6 17. e5 d5 18. Rh4 h6 19. Rf6 Rab8 20. Rxh6 gxh6 21.
Qxh6 f6 22. exf6 Rxf6 23. Qh8+ Kf7 24. Rh7+ Kg6 25. Rg7+ 1-0

[Event "25th Bunratty Masters"]
[Site "Bunratty IRL"]
[Date "2018.02.25"]
[Round "5.3"]
[White "Short, Nigel D"]
[Black "Rendle, Thomas E"]
[Result "1-0"]
[WhiteTitle "GM"]
[BlackTitle "IM"]
[WhiteElo "2681"]
[BlackElo "2359"]
[WhiteFideId "400025"]
[BlackFideId "408760"]
[EventDate "2018.02.23"]

1. e4 e6 2. d4 d5 3. Nd2 Be7 4. e5 c5 5. c3 Nc6 6. Bd3 Nh6 7. Ne2 Nf5 8. Nf3
cxd4 9. Bxf5 exf5 10. Nexd4 Be6 11. O-O O-O 12. Qd3 Qd7 13. Re1 Rac8 14. Be3 h6
15. Rad1 Rfd8 16. h3 Bf8 17. Ne2 g6 18. b3 Bg7 19. Ned4 a6 20. Nxc6 Qxc6 21. Bd2
Qc7 22. h4 Qa5 23. Qb1 Qc7 24. Re2 Qe7 25. Qd3 Qa3 26. Bf4 Qc5 27. Rc1 Qe7 28.
g3 Rd7 29. Qe3 Kh7 30. a4 Rdc7 31. Nd4 Qd8 32. Qd3 Qd7 33. Bd2 Kg8 34. Kg2 Qe7
35. h5 Qd7 36. g4 f4 37. hxg6 Bxg4 38. f3 Bh5 39. e6 fxe6 40. Nxe6 Rc6 41. Nxf4
Bg4 42. fxg4 Qxg4+ 43. Kh1 Rf8 44. Rg1 Qh4+ 45. Rh2 Qf6 46. Qxd5+ Kh8 47. Nh5 1-0

[Event "25th Bunratty Masters"]
[Site "Bunratty IRL"]
[Date "2018.02.25"]
[Round "5.4"]
[White "Hebden, Mark L"]
[Black "Prilleltensky, Matan"]
[Result "1-0"]
[WhiteTitle "GM"]
[WhiteElo "2454"]
[BlackElo "2195"]
[WhiteFideId "400084"]
[BlackFideId "2024810"]
[EventDate "2018.02.23"]

1. d4 d5 2. Nf3 Nf6 3. c4 c6 4. e3 Bf5 5. cxd5 cxd5 6. Qb3 Qc7 7. Bd2 e6 8. Bb5+
Nc6 9. O-O Bd6 10. Bb4 O-O 11. Bxc6 bxc6 12. Nbd2 Ne4 13. Nxe4 Bxe4 14. Bxd6
Qxd6 15. Nd2 Bg6 16. Rfc1 a5 17. Qa4 Rfb8 18. b3 Rb5 19. Rc3 f6 20. Rac1 Be8 21.
Rc5 Bd7 22. h3 h6 23. Qa3 e5 24. Qb2 Rxc5 25. Rxc5 a4 26. b4 a3 27. Qc3 Ra4 28.
Nf3 Qb8 29. dxe5 Rxb4 30. Qxa3 fxe5 31. Rc1 Rb1 32. Rxb1 Qxb1+ 33. Kh2 Qf5 34.
Qe7 e4 35. Ne5 Qe6 36. Qxe6+ Bxe6 37. Nxc6 d4 38. Nxd4 Bxa2 39. Nf5 Bc4 40. h4
g5 41. Nxh6+ Kg7 42. Nf5+ Kg6 43. Nd6 Bd3 44. Kg3 gxh4+ 45. Kxh4 Kf6 46. g4 Ke5
47. Nf7+ Kf6 48. Ng5 1-0

[Event "25th Bunratty Masters"]
[Site "Bunratty IRL"]
[Date "2018.02.25"]
[Round "5.5"]
[White "Wells, Peter K"]
[Black "McShane, Luke J"]
[Result "1/2-1/2"]
[WhiteTitle "GM"]
[BlackTitle "GM"]
[WhiteElo "2427"]
[BlackElo "2643"]
[WhiteFideId "400327"]
[BlackFideId "404853"]
[EventDate "2018.02.23"]

1. d4 Nf6 2. Nf3 b5 3. Bg5 Bb7 4. Nbd2 a6 5. c3 e6 6. e4 h6 7. Bxf6 Qxf6 8. b4
g5 9. a4 bxa4 10. Qxa4 Bg7 11. Bd3 O-O 12. O-O g4 13. Ne5 Qf4 14. Ndc4 Bxe4 15.
g3 Qf5 16. Ne3 Qh7 17. Bxe4 Qxe4 18. Nxd7 Nxd7 19. Qxd7 Rad8 20. Qa4 Rd6 21.
Rfe1 Qd3 22. Rac1 f5 23. Ng2 Qc4 24. Nf4 Rfd8 25. Qc2 Bf6 26. Qe2 Qxe2 27. Rxe2
Bg5 28. Rce1 Bxf4 29. gxf4 Kf7 30. d5 exd5 31. Re7+ Kf6 32. Rxc7 d4 1/2-1/2

[Event "25th Bunratty Masters"]
[Site "Bunratty IRL"]
[Date "2018.02.25"]
[Round "5.6"]
[White "Wallace, Paul"]
[Black "Speelman, Jon S"]
[Result "0-1"]
[BlackTitle "GM"]
[WhiteElo "2203"]
[BlackElo "2503"]
[WhiteFideId "2500892"]
[BlackFideId "400033"]
[EventDate "2018.02.23"]

1. e4 e6 2. d4 d5 3. Nd2 c5 4. exd5 Qxd5 5. Ngf3 cxd4 6. Bc4 Qd6 7. O-O Nf6 8.
Qe2 Nc6 9. Nb3 a6 10. a4 Be7 11. Rd1 e5 12. Ng5 O-O 13. c3 h6 14. Ne4 Nxe4 15.
Qxe4 Be6 16. Nd2 Rad8 17. b3 dxc3 18. Ba3 Qxa3 19. Rxa3 Bxa3 20. Bxe6 fxe6 0-1

[Event "25th Bunratty Masters"]
[Site "Bunratty IRL"]
[Date "2018.02.25"]
[Round "5.7"]
[White "Belenkaya, Dina"]
[Black "Collins, Sam E."]
[Result "1/2-1/2"]
[WhiteTitle "WGM"]
[BlackTitle "IM"]
[WhiteElo "2286"]
[BlackElo "2464"]
[WhiteFideId "24142654"]
[BlackFideId "2501198"]
[EventDate "2018.02.23"]

1. e4 e5 2. Nf3 Nc6 3. Nc3 Nf6 4. d4 exd4 5. Nxd4 Bb4 6. Nxc6 bxc6 7. Bd3 d5 8.
exd5 Qe7+ 9. Qe2 Qxe2+ 10. Kxe2 cxd5 11. Bg5 c6 12. a3 Bd6 13. Rhe1 O-O 14. Kf1
Ng4 15. Be7 Nxh2+ 16. Kg1 Bxe7 17. Rxe7 Ng4 18. Rc7 Ne5 19. Re1 Re8 20. Kf1 Kf8
21. Na4 Bg4 22. f3 Nxd3 23. cxd3 Bf5 24. Nc5 a5 25. Rxc6 Rec8 26. Rxc8+ Rxc8 27.
d4 f6 28. g4 Bg6 29. Re6 Kf7 30. Rb6 h5 31. Rb7+ Kg8 32. gxh5 Bxh5 33. Kf2 g5
34. b3 g4 35. fxg4 Bxg4 36. Ra7 Re8 37. Rxa5 Re2+ 38. Kg3 Bf5 39. b4 Kf7 40. b5
Rb2 1/2-1/2

[Event "25th Bunratty Masters"]
[Site "Bunratty IRL"]
[Date "2018.02.25"]
[Round "5.8"]
[White "Baburin, Alexander"]
[Black "Fitzsimons, David"]
[Result "1-0"]
[WhiteTitle "GM"]
[BlackTitle "FM"]
[WhiteElo "2458"]
[BlackElo "2330"]
[WhiteFideId "2500914"]
[BlackFideId "2501961"]
[EventDate "2018.02.23"]

1. d4 Nf6 2. Nf3 g6 3. g3 Bg7 4. Bg2 O-O 5. O-O d6 6. b3 c6 7. Bb2 a5 8. a3 Nbd7
9. Nbd2 Qc7 10. e4 e5 11. dxe5 dxe5 12. Re1 Re8 13. Nc4 Bf8 14. a4 b6 15. Qc1
Kg7 16. Bc3 Ba6 17. Bf1 Bb4 18. Bxb4 axb4 19. Qd2 c5 20. Rad1 Bxc4 21. Bxc4 Rad8
22. Qd6 Qb7 23. Ng5 Nb8 24. Qxd8 Rxd8 25. Rxd8 Nc6 26. Nxf7 Nxd8 27. Nxd8 Qd7
28. Ne6+ Kh8 29. Re3 Qd1+ 30. Kg2 Qxc2 31. Rd3 h5 32. Rd8+ Kh7 33. Ng5+ Kh6 34.
h4 Nxe4 35. Rh8+ Kg7 36. Rh7+ Kf8 37. Rf7+ Ke8 38. Bb5+ Kd8 39. Ne6+ Kc8 40.
Ba6+ Kb8 41. Rb7+ Kc8 42. Rf7+ Kb8 43. Rf8+ Ka7 44. Nc7 b5 45. a5 Qxf2+ 46. Rxf2
Nxf2 47. Kxf2 c4 48. Bxb5 cxb3 49. Bd3 b2 50. Nd5 1-0

[Event "25th Bunratty Masters"]
[Site "Bunratty IRL"]
[Date "2018.02.25"]
[Round "5.9"]
[White "Heidenfeld, Mark"]
[Black "Rush, Stephen"]
[Result "1-0"]
[WhiteTitle "IM"]
[WhiteElo "2356"]
[BlackElo "2025"]
[WhiteFideId "2500990"]
[BlackFideId "2512173"]
[EventDate "2018.02.23"]

1. e4 e6 2. d4 d5 3. Nc3 Bb4 4. Ne2 dxe4 5. a3 Be7 6. Nxe4 Nf6 7. Qd3 Nxe4 8.
Qxe4 Nd7 9. Bf4 Nf6 10. Qf3 O-O 11. O-O-O Qd5 12. Qxd5 Nxd5 13. Bg3 c5 14. c4
Nb6 15. dxc5 Bxc5 16. Nc3 f5 17. Bd6 Bxd6 18. Rxd6 Bd7 19. c5 1-0

[Event "25th Bunratty Masters"]
[Site "Bunratty IRL"]
[Date "2018.02.25"]
[Round "5.10"]
[White "L'Ami, Alina"]
[Black "Wall, Tim P"]
[Result "1-0"]
[WhiteTitle "IM"]
[BlackTitle "FM"]
[WhiteElo "2310"]
[BlackElo "2227"]
[WhiteFideId "1210246"]
[BlackFideId "401641"]
[EventDate "2018.02.23"]

1. d4 b6 2. c4 Bb7 3. Nc3 e6 4. e4 Bb4 5. Bd3 f5 6. d5 fxe4 7. Bxe4 Nf6 8. Bf3
e5 9. Bg5 O-O 10. Qb3 Na6 11. O-O-O Qe8 12. Nh3 Qg6 13. Qc2 Qxc2+ 14. Kxc2 h6
15. Be3 Bc5 16. Bxc5 bxc5 17. Be2 g5 18. f3 d6 19. Nf2 Bc8 20. h4 Kg7 21. hxg5
hxg5 22. g4 Bd7 23. Nfe4 Nb4+ 24. Kb1 Be8 25. a3 Bg6 26. axb4 cxb4 27. Nb5 Nxe4
28. fxe4 Bxe4+ 29. Bd3 Bxh1 30. Rxh1 Rh8 31. Rxh8 Rxh8 32. Nxc7 Kf6 33. Nb5 e4
34. Bxe4 Ke5 35. Bc2 a6 36. Na7 Kd4 37. Bb3 Rh4 38. Nc6+ Kc5 39. Nd8 Rxg4 40.
Nb7+ Kd4 41. c5 dxc5 42. d6 1-0

[Event "25th Bunratty Masters"]
[Site "Bunratty IRL"]
[Date "2018.02.25"]
[Round "5.11"]
[White "Bourached, Anthony"]
[Black "O'Donnell, Conor"]
[Result "0-1"]
[BlackTitle "FM"]
[WhiteElo "1991"]
[BlackElo "2318"]
[WhiteFideId "2504456"]
[BlackFideId "2504243"]
[EventDate "2018.02.23"]

1. d4 Nf6 2. c4 e6 3. Nc3 Bb4 4. e3 O-O 5. Ne2 c6 6. a3 Ba5 7. b4 Bc7 8. e4 d5
9. e5 Nfd7 10. Nf4 Nxe5 11. dxe5 Bxe5 12. Bd2 Bxf4 13. Bxf4 e5 14. Bd2 d4 15.
Na4 e4 16. g3 Qf6 17. Ra2 Nd7 18. Bg2 Ne5 19. O-O Bg4 20. Qc2 Bf3 21. h3 Bxg2
22. Kxg2 Qf3+ 23. Kh2 e3 24. Bxe3 dxe3 25. Qe2 Qxe2 26. Rxe2 Nxc4 27. fxe3 Rfe8
28. Nc5 b6 29. Nd3 Rad8 30. Rc1 Nxe3 31. Nf4 g5 0-1

[Event "25th Bunratty Masters"]
[Site "Bunratty IRL"]
[Date "2018.02.25"]
[Round "5.12"]
[White "Wallace, John Paul"]
[Black "O'Gorman, Tom"]
[Result "1-0"]
[WhiteTitle "IM"]
[BlackTitle "FM"]
[WhiteElo "2411"]
[BlackElo "2150"]
[WhiteFideId "3200957"]
[BlackFideId "2508249"]
[EventDate "2018.02.23"]

1. e4 c5 2. Nf3 d6 3. d4 cxd4 4. Nxd4 Nf6 5. Nc3 a6 6. Bg5 Nbd7 7. Bc4 e6 8. O-O
Nc5 9. b4 Ncd7 10. Bxe6 fxe6 11. Nxe6 Qb6 12. Nd5 Nxd5 13. exd5 Rb8 14. Qe1 Kf7
15. Bd8 Be7 16. Bxb6 Nxb6 17. Qc3 1-0

[Event "25th Bunratty Masters"]
[Site "Bunratty IRL"]
[Date "2018.02.25"]
[Round "5.13"]
[White "Murray, David"]
[Black "Pein, Malcolm"]
[Result "0-1"]
[BlackTitle "IM"]
[WhiteElo "2150"]
[BlackElo "2346"]
[WhiteFideId "2501511"]
[BlackFideId "400289"]
[EventDate "2018.02.23"]

1. e4 e5 2. Nf3 Nc6 3. Bc4 Nf6 4. Ng5 d5 5. exd5 Na5 6. Bb5+ c6 7. dxc6 bxc6 8.
Bd3 Nd5 9. Nf3 Bd6 10. O-O O-O 11. Re1 Qc7 12. Bf1 Bg4 13. h3 Bh5 14. g4 Bg6 15.
d3 Rae8 16. Nc3 Nxc3 17. bxc3 e4 18. Nh4 Qe7 19. Nxg6 fxg6 20. Rxe4 Qf6 21. Qe1
Rxe4 22. dxe4 g5 23. Be3 Qe5 24. Bg2 Nc4 25. f4 gxf4 26. Bd4 Qe7 27. Bf3 Ne3 28.
e5 Bxe5 29. Bxc6 Bxd4 30. cxd4 Qd6 31. d5 Nxc2 32. Qe6+ Qxe6 33. dxe6 Nxa1 34.
e7 Rb8 35. e8=Q+ Rxe8 36. Bxe8 Nc2 37. g5 Nd4 38. Kf2 Kf8 39. Bh5 Ke7 40. Bf3
Ke6 41. Be4 h6 42. gxh6 gxh6 43. Bd3 Ke5 44. Bh7 Ne6 45. Bc2 Nd4 46. Bd3 a5 47.
Bg6 Nc6 48. Bd3 Kd4 49. Bb5 Ne5 50. Ba6 Kc3 51. Bc8 a4 52. Be6 a3 53. Bg8 Kb2
54. Be6 Nd3+ 55. Kf3 Nb4 56. Kxf4 Nxa2 57. Ke3 Nc1 0-1

[Event "25th Bunratty Masters"]
[Site "Bunratty IRL"]
[Date "2018.02.25"]
[Round "5.14"]
[White "Doggers, Peter"]
[Black "Vuilleumier, Alexandre"]
[Result "0-1"]
[BlackTitle "IM"]
[WhiteElo "2171"]
[BlackElo "2345"]
[WhiteFideId "1005774"]
[BlackFideId "1305662"]
[EventDate "2018.02.23"]

1. e4 d6 2. d4 Nf6 3. Nc3 e5 4. Nf3 exd4 5. Nxd4 g6 6. Bg5 Bg7 7. Qd2 h6 8. Bf4
g5 9. Bg3 Nh5 10. O-O-O O-O 11. Bc4 Nc6 12. Nxc6 bxc6 13. Ne2 Qf6 14. c3 Be6 15.
Qd3 Nxg3 16. Nxg3 Qxf2 0-1

[Event "25th Bunratty Masters"]
[Site "Bunratty IRL"]
[Date "2018.02.25"]
[Round "5.16"]
[White "Li, Henry"]
[Black "Manojlovic, Mihailo"]
[Result "1-0"]
[WhiteElo "2191"]
[BlackElo "2055"]
[WhiteFideId "2508524"]
[BlackFideId "2507633"]
[EventDate "2018.02.23"]

1. e4 e6 2. d4 d5 3. Nc3 Bb4 4. e5 c5 5. a3 Bxc3+ 6. bxc3 Ne7 7. Qg4 cxd4 8. Bd3
Qc7 9. Ne2 dxc3 10. Qxg7 Rg8 11. Qxh7 Qxe5 12. Bf4 Qf6 13. h4 Nbc6 14. Bg5 Qe5
15. f4 Qc7 16. h5 e5 17. h6 Rf8 18. Qg7 e4 19. h7 exd3 20. Qxf8+ Kxf8 21. h8=Q+
Ng8 22. Qxg8+ Kxg8 23. Bf6 d2+ 24. Kd1 1-0

[Event "25th Bunratty Masters"]
[Site "Bunratty IRL"]
[Date "2018.02.25"]
[Round "5.18"]
[White "Short, Philip M"]
[Black "Maroroa, Sue"]
[Result "1/2-1/2"]
[WhiteTitle "FM"]
[BlackTitle "WIM"]
[WhiteElo "2333"]
[BlackElo "2102"]
[WhiteFideId "2500086"]
[BlackFideId "4301498"]
[EventDate "2018.02.23"]

1. d4 Nf6 2. c4 g6 3. Nc3 Bg7 4. g3 O-O 5. Bg2 d6 6. e4 Nc6 7. Nge2 a6 8. O-O e5
9. d5 Na5 10. Qd3 c5 11. dxc6 Nxc6 12. Bg5 Be6 13. Nd5 Bxd5 14. cxd5 Nb8 15. Qb3
Nbd7 16. Qxb7 Nc5 17. Qb4 Rb8 18. Qa3 Qb6 19. Bxf6 Bxf6 20. Rab1 a5 21. Qe3 Qa6
22. Nc3 Rb4 23. Rfd1 Rfb8 24. b3 a4 25. bxa4 Nxa4 26. Rxb4 Rxb4 27. Nxa4 Rxa4
28. Rc1 Rxa2 29. Bf1 Qa7 30. Qxa7 1/2-1/2